| 000 | 00482nam a22001697a 4500 | ||
|---|---|---|---|
| 005 | 20251108172939.0 | ||
| 008 | 250721s2001 xx 000 0 ara d | ||
| 082 | 1 | 4 | _a547.75/مظف |
| 100 | 1 | _aالمظفر، سامي | |
| 245 | 1 | 0 | _aكيمياء البروتنيات / |
| 264 | 1 |
_aعمان : _bدار السيرة للنشر، _c2001. |
|
| 300 | _a430ص | ||
| 650 | 1 | 7 | _aالبروتينات |
| 650 | 1 | 7 | _aالكيمياء العضوية |
| 942 |
_2ddc _cBK |
||
| 999 |
_c92520 _d92520 |
||